Administrative law

Сохранить в:
Библиографические подробности
Главный автор: Basu, Durga Das
Другие авторы: Nandi, A.K
Формат:
Опубликовано: Kolkata ; Kamal Law House , c2004.
Редактирование:6th ed.
Предметы:
Метки: Добавить метку
Нет меток, Требуется 1-ая метка записи!

MARC

LEADER 00000nam a22000007a 4500
005 20260421070433.0
020 |a N/A  |c TZS 24,033.60 
040 |a MCCL  |b eng.  |e AACR 2nd rec. ed. 
082 |a 342.06 BAS 
100 |a Basu, Durga Das 
245 |a Administrative law  |c Durga Das Basu and A.K. Nandi 
250 |a 6th ed. 
260 |a Kolkata ;  |b Kamal Law House ,  |c c2004. 
300 |a [64], 814 p. :  |b ill. ;  |c 23 cm. 
504 |a Includes Index 
546 |a eng. 
650 |a Administrative law 
700 |a Nandi, A.K. 
942 |c BK 
999 |c 12718  |d 12718